000 00691cam a22002413a 4500
001 25837
003 PGUSA
005 20140828083545.0
008 080619s2008||||xxu|||||s|||||000 1 eng d
040 _aPGUSA
_beng
042 _adc
050 4 _aPS
100 1 _aNicholson, Meredith,
_d1866-1947
245 1 4 _aThe Madness of May
_h[electronic resource] /
_cMeredith Nicholson
260 _bProject Gutenberg,
_c2008
506 _aPublic domain in the USA.
516 _aElectronic text
653 _aNew York (State) -- Fiction
700 1 _aSteele, Frederic Dorr,
_d1873-1944
830 0 _aProject Gutenberg
_v25837
856 4 0 _uhttp://www.gutenberg.org/ebooks/25837
942 _cEB
999 _c255092
_d255092